000 00688cam a22002413a 4500
001 25307
003 PGUSA
005 20140828083538.0
008 080502s2008||||xxu|||||s|||||000 1 eng d
040 _aPGUSA
_beng
042 _adc
050 4 _aPR
100 1 _aPearce, J. H.
_q(Joseph Henry),
_d1856-
245 1 0 _aDrolls From Shadowland
_h[electronic resource] /
_cJ. H. Pearce
260 _bProject Gutenberg,
_c2008
506 _aPublic domain in the USA.
516 _aElectronic text
653 _aFantasy fiction
653 _aCornwall (England : County) -- Fiction
830 0 _aProject Gutenberg
_v25307
856 4 0 _uhttp://www.gutenberg.org/ebooks/25307
942 _cEB
999 _c254562
_d254562